[Event "FRA-ch U16 Girls"]
[Site "Montbeliard"]
[Date "2014.04.23"]
[Round "5"]
[White "Imperor, Lorene"]
[Black "Terrazzoni, Claire"]
[Result "1-0"]
[WhiteElo "1878"]
[BlackElo "1619"]
[PlyCount "59"]
[EventDate "2014.04.20"]
[EventType "swiss"]
[EventRounds "9"]
[EventCountry "FRA"]
[SourceTitle "CBM 160 Extra"]
[Source "ChessBase"]
[SourceDate "2014.07.01"]
[SourceVersion "1"]
[SourceVersionDate "2014.07.01"]
[SourceQuality "1"]

1. d4 d5 2. c4 e6 3. Nc3 Be7 4. cxd5 exd5 5. Bf4 Nf6 6. e3 0-0 7. Bd3 Nbd7 8. Nge2 b6 9. 0-0 Bb7 10. Qc2 c5 11. b3 a6 12. Ng3 Rc8 13. Qb2 Re8 14. Rac1 Bf8 15. dxc5 bxc5 16. Rfd1 Qb6 17. Bf5 Rcd8 18. Bg5 h6 19. Bxd7 Rxd7 20. Na4 Qc6 21. Bxf6 gxf6 22. Qe2 Re5 23. f4 Re8 24. Qg4+ Kh8 25. Nf5 c4 26. Rf1 h5 27. Qxh5+ Kg8 28. Qg4+ Kh7 29. Rf3 Bh6 30. Rh3 1-0

[Event "Sautron op (Women)"]
[Site "Sautron"]
[Date "2013.05.10"]
[Round "5"]
[White "Benard, Anne Laurie"]
[Black "Terrazzoni, Claire"]
[Result "1-0"]
[WhiteElo "1927"]
[BlackElo "1596"]
[PlyCount "57"]
[EventDate "2013.05.08"]
[EventType "swiss"]
[EventRounds "6"]
[EventCountry "FRA"]
[SourceTitle "EXT 2014"]
[Source "ChessBase"]
[SourceDate "2013.11.20"]
[SourceVersion "1"]
[SourceVersionDate "2013.11.20"]
[SourceQuality "1"]

1. e4 c5 2. Nc3 Nc6 3. Bb5 Nd4 4. Bc4 g6 5. Nf3 Bg7 6. Nxd4 cxd4 7. Qf3 e6 8. Nb5 d6 9. Qa3 Be5 10. c3 Qb6 11. 0-0 Bd7 12. Nxd4 Bxd4 13. cxd4 Qxd4 14. d3 Qc5 15. Qc3 e5 16. Qb3 Nf6 17. Bxf7+ Ke7 18. Be3 Qa5 19. Bc4 b5 20. Bd5 Rac8 21. d4 Nxd5 22. exd5 e4 23. Bg5+ Kf7 24. Qe3 Bf5 25. Qf4 Kg7 26. Qxd6 Qc7 27. Bf6+ Kf7 28. Qxc7+ Rxc7 29. Bxh8 1-0

[Event "FRA-ch U16 Girls"]
[Site "Saint Paul Trois Chateaux"]
[Date "2013.04.29"]
[Round "2"]
[White "Rouffignac, Marie"]
[Black "Terrazzoni, Claire"]
[Result "1-0"]
[WhiteElo "1769"]
[BlackElo "1596"]
[PlyCount "167"]
[EventDate "2013.04.28"]
[EventType "swiss"]
[EventRounds "9"]
[EventCountry "FRA"]
[SourceTitle "CBM 154 Extra"]
[Source "ChessBase"]
[SourceDate "2013.06.25"]
[SourceVersion "2"]
[SourceVersionDate "2013.06.25"]
[SourceQuality "1"]

1. Nf3 d5 2. c4 e6 3. g3 Nf6 4. Bg2 Be7 5. 0-0 0-0 6. b3 c5 7. Bb2 Nc6 8. e3 Qc7 9. Nc3 Rd8 10. cxd5 Nxd5 11. Nxd5 Rxd5 12. Qe2 Rd8 13. d4 cxd4 14. Nxd4 Nxd4 15. Bxd4 e5 16. Rac1 Qd6 17. Bc5 Qf6 18. Rfd1 Qe6 19. Bxe7 Qxe7 20. Rxd8+ Qxd8 21. Qb5 Qe7 22. Rc7 Qd8 23. Qxe5 Qd1+ 24. Bf1 Bh3 25. Qb5 b6 26. Qc4 Be6 27. Qd3 Rd8 28. Qxd1 Rxd1 29. Kg2 Bd5+ 30. f3 Rd2+ 31. Kg1 Be6 32. Rxa7 h6 33. Ra6 Rb2 34. g4 Bd5 35. e4 Be6 36. Rxb6 Rxa2 37. Rb8+ Kh7 38. Bc4 Bxc4 39. bxc4 Rc2 40. Rc8 Kg6 41. h4 Kf6 42. f4 Ke6 43. e5 Kd7 44. Rc5 Ke6 45. f5+ Kd7 46. Rd5+ Ke7 47. Rd4 Re2 48. c5 Rxe5 49. Rc4 Kd7 50. c6+ Kc7 51. Kf2 Rd5 52. Ke3 Rd6 53. Ra4 Kxc6 54. Ra6+ Kd7 55. Ra7+ Ke8 56. g5 hxg5 57. hxg5 Rd7 58. Ra6 Ke7 59. f6+ gxf6 60. gxf6+ Ke8 61. Kf4 Rd5 62. Ra7 Rd7 63. Ra5 Rd6 64. Ke5 Re6+ 65. Kf5 Kd7 66. Ra7+ Ke8 67. Ra8+ Kd7 68. Rf8 Kd6 69. Rxf7 Re1 70. Rg7 Rf1+ 71. Kg6 Ke6 72. Re7+ Kd6 73. Kf7 Rf2 74. Re6+ Kd7 75. Re4 Rg2 76. Rd4+ Kc7 77. Ke6 Re2+ 78. Kf5 Rf2+ 79. Rf4 Rd2 80. f7 Rd8 81. Kg6 Rd6+ 82. Kg7 Rd7 83. Kg8 Rd8+ 84. f8Q 1-0

[Event "Rohde op 12th"]
[Site "Sautron"]
[Date "2012.11.??"]
[Round "5"]
[White "Oyens, Conrad"]
[Black "Terrazzoni, Claire"]
[Result "1-0"]
[WhiteElo "2027"]
[BlackElo "1557"]
[PlyCount "29"]
[EventDate "2012.10.27"]
[EventType "swiss"]
[EventRounds "9"]
[EventCountry "FRA"]
[SourceTitle "EXT 2014"]
[Source "ChessBase"]
[SourceDate "2013.11.20"]
[SourceVersion "1"]
[SourceVersionDate "2013.11.20"]
[SourceQuality "1"]

1. d4 d5 2. c4 e6 3. Nc3 Nf6 4. Bg5 Be7 5. e3 h6 6. Bh4 0-0 7. Nf3 b6 8. Rc1 Bb7 9. Bd3 Nbd7 10. 0-0 c5 11. cxd5 exd5 12. Qd2 Re8 13. Rfe1 Qc7 14. Bg3 Bd6 15. Nb5 1-0

[Event "FRA-chT U20 1112"]
[Site "France"]
[Date "2011.12.19"]
[Round "7.3"]
[White "Terrazzoni, Claire"]
[Black "Vigna, Leo"]
[Result "1-0"]
[WhiteElo "1526"]
[BlackElo "1704"]
[PlyCount "95"]
[EventDate "2011.12.03"]
[EventType "team-swiss"]
[EventRounds "7"]
[EventCountry "FRA"]
[SourceTitle "EXT 2013"]
[Source "ChessBase"]
[SourceDate "2012.11.22"]
[SourceVersion "1"]
[SourceVersionDate "2012.11.22"]
[SourceQuality "1"]

1. e4 c5 2. Nf3 Nc6 3. d4 cxd4 4. Nxd4 e6 5. Nc3 Bb4 6. Qd3 Nf6 7. Bd2 d5 8. exd5 Nxd5 9. Nxd5 Qxd5 10. Nxc6 Bxd2+ 11. Qxd2 bxc6 12. c4 Qe5+ 13. Be2 0-0 14. 0-0 Ba6 15. b3 Rfd8 16. Qc2 Rd4 17. Rad1 Rad8 18. Bf3 c5 19. Rfe1 Qc7 20. Qe2 Qa5 21. Rxd4 cxd4 22. Rd1 e5 23. Be4 g6 24. Qd2 Qxd2 25. Rxd2 Bc8 26. Bd5 Be6 27. Bxe6 fxe6 28. f3 Kf7 29. Kf2 Kf6 30. Ke2 h5 31. Kd3 Kf5 32. Re2 g5 33. Re4 g4 34. c5 Rc8 35. b4 a5 36. a3 gxf3 37. gxf3 Kf6 38. f4 axb4 39. fxe5+ Kf5 40. axb4 Rb8 41. Rxd4 Kxe5 42. c6 Rb6 43. Rc4 Rb8 44. c7 Rc8 45. b5 Kd6 46. b6 Kd7 47. b7 Rxc7 48. b8Q 1-0

[Event "FRA-chT U20 1112"]
[Site "France"]
[Date "2011.12.04"]
[Round "3.3"]
[White "Terrazzoni, Claire"]
[Black "Auvray, Honorine"]
[Result "0-1"]
[WhiteElo "1526"]
[BlackElo "1738"]
[PlyCount "190"]
[EventDate "2011.12.03"]
[EventType "team-swiss"]
[EventRounds "7"]
[EventCountry "FRA"]
[SourceTitle "EXT 2013"]
[Source "ChessBase"]
[SourceDate "2012.11.22"]
[SourceVersion "1"]
[SourceVersionDate "2012.11.22"]
[SourceQuality "1"]

1. e4 c5 2. Nf3 Nc6 3. d4 cxd4 4. Nxd4 Nf6 5. Nc3 d6 6. f3 e5 7. Nb3 Be7 8. Be3 0-0 9. Qd2 a5 10. Bb5 Na7 11. Bxa7 Rxa7 12. 0-0-0 Bd7 13. Qe3 Ra8 14. Kb1 a4 15. Nd2 Bxb5 16. Nxb5 Ra5 17. Nc3 Qc7 18. Rc1 Rc8 19. Ne2 b5 20. Qd3 Rd8 21. Qc3 Qa7 22. Ng3 b4 23. Qc4 Rc5 24. Qe2 Rdc8 25. Nf5 Bf8 26. Ne3 Qc7 27. Qd1 d5 28. exd5 Nxd5 29. Nxd5 Rxd5 30. Qe2 g6 31. Ne4 Bg7 32. Rhd1 Ra5 33. Qd3 Bh6 34. Nd2 Rc5 35. Qe4 b3 36. c3 bxa2+ 37. Kxa2 a3 38. bxa3 Rxc3 39. Rxc3 Qxc3 40. Nb3 Qc2+ 41. Qxc2 Rxc2+ 42. Kb1 Rxg2 43. a4 Rxh2 44. a5 Rh4 45. Rd8+ Kg7 46. a6 Ra4 47. Nc5 Ra5 48. Rd5 Rb5+ 49. Ka2 Rb8 50. Nd7 Ra8 51. Ra5 f6 52. Nc5 Be3 53. Ne6+ Kf7 54. Nc7 Ra7 55. Nb5 Ra8 56. Nc7 Ra7 57. Nb5 Rd7 58. Kb3 Ba7 59. Nxa7 Rxa7 60. Kb4 h5 61. Kb5 h4 62. Kb6 Ra8 63. a7 h3 64. Kb7 h2 65. Ra1 Rh8 66. Rh1 Ke6 67. a8Q Rxa8 68. Kxa8 Kf5 69. Rxh2 Kf4 70. Rh6 Kxf3 71. Rxg6 f5 72. Rg5 Kf4 73. Rh5 e4 74. Rh4+ Kg3 75. Rh1 e3 76. Kb7 Kg2 77. Ra1 f4 78. Ra2+ Kf1 79. Ra1+ Kf2 80. Kc6 e2 81. Kd5 Ke3 82. Ke5 f3 83. Ra3+ Kf2 84. Kf4 e1Q 85. Rxf3+ Kg2 86. Re3 Qd2 87. Ke4 Kf2 88. Rd3 Qb4+ 89. Rd4 Qb1+ 90. Ke5 Ke3 91. Rd5 Qe4+ 92. Kd6 Qb4+ 93. Ke5 Qe7+ 94. Kf5 Qe4+ 95. Kf6 Qxd5 0-1

[Event "FRA-ch U14 Girls"]
[Site "Montlucon"]
[Date "2011.04.18"]
[Round "2"]
[White "Fesselier, Melissa"]
[Black "Terrazzoni, Claire"]
[Result "0-1"]
[WhiteElo "1690"]
[BlackElo "1533"]
[PlyCount "152"]
[EventDate "2011.04.17"]
[EventType "swiss"]
[EventRounds "9"]
[EventCountry "FRA"]
[SourceTitle "CBM 142 Extra"]
[Source "ChessBase"]
[SourceDate "2011.06.27"]
[SourceVersion "1"]
[SourceVersionDate "2011.06.27"]
[SourceQuality "1"]

1. e4 c5 2. c3 d5 3. exd5 Qxd5 4. d4 g6 5. Nf3 Bg7 6. Na3 cxd4 7. Bc4 Qe4+ 8. Be3 e6 9. cxd4 Ne7 10. Nb5 Qc6 11. Rc1 Qd7 12. Nc7+ Qxc7 13. Bxe6 Qd8 14. Bc4 0-0 15. Ng5 Nbc6 16. Nxf7 Rxf7 17. Bxf7+ Kxf7 18. 0-0 Bxd4 19. Qf3+ Kg7 20. Rcd1 Qb6 21. Bxd4+ Nxd4 22. Qe4 Nec6 23. b3 Bf5 24. Qe3 Rd8 25. Rfe1 Qb5 26. Kh1 Ne6 27. Rxd8 Nexd8 28. Qc3+ Kf7 29. Qf3 Nd4 30. Qf4 N8e6 31. Qd6 Qc6 32. Qxc6 Nxc6 33. Rd1 Ke7 34. f3 Ned4 35. b4 Nc2 36. b5 N6b4 37. a4 Na2 38. Rd2 Nab4 39. g4 Be6 40. a5 Bc4 41. b6 axb6 42. axb6 Na3 43. Rd4 Nd5 44. h4 Nxb6 45. f4 Nd5 46. Re4+ Kf6 47. Kh2 b5 48. Kg3 b4 49. Re8 b3 50. Rb8 Nb5 51. Re8 b2 52. Re1 Nbc3 53. f5 b1Q 54. Rxb1 Nxb1 55. fxg6 hxg6 56. h5 g5 57. Kf3 Nf4 58. Kg3 Nxh5+ 59. gxh5 Be6 60. Kg2 Kg7 61. Kg3 Kh6 62. Kg2 Kxh5 63. Kg3 Nd2 64. Kh2 g4 65. Kg3 Ne4+ 66. Kg2 Kh4 67. Kh2 g3+ 68. Kg2 Nd2 69. Kg1 Kh3 70. Kh1 g2+ 71. Kg1 Nb1 72. Kf2 Kh2 73. Ke2 g1Q 74. Kd3 Qc5 75. Ke2 Qd4 76. Kf1 Bc4+ 0-1

[Event "FRA-chTB U20 1011"]
[Site "France"]
[Date "2010.12.20"]
[Round "7.4"]
[White "Terrazzoni, Claire"]
[Black "Baldi, Valentine"]
[Result "1/2-1/2"]
[WhiteElo "1490"]
[BlackElo "1624"]
[PlyCount "55"]
[EventDate "2010.11.20"]
[EventType "team-tourn"]
[EventRounds "7"]
[EventCountry "FRA"]
[SourceTitle "EXT 2012"]
[Source "ChessBase"]
[SourceDate "2011.11.24"]
[SourceVersion "1"]
[SourceVersionDate "2011.11.24"]
[SourceQuality "1"]
[WhiteTeam "Sautron"]
[BlackTeam "Potemkine"]
[WhiteTeamCountry "FRA"]
[BlackTeamCountry "FRA"]

1. e4 c6 2. d4 d5 3. Nc3 dxe4 4. Nxe4 Bf5 5. Ng3 Bg6 6. h4 h6 7. Nf3 Nd7 8. h5 Bh7 9. Bd3 Bxd3 10. Qxd3 e6 11. Bd2 Ngf6 12. 0-0-0 Qc7 13. Kb1 Bd6 14. Ne4 Nxe4 15. Qxe4 Nf6 16. Qe2 0-0-0 17. c4 Rhe8 18. Ne5 Bxe5 19. dxe5 Nd7 20. Bc3 c5 21. Rhe1 Qc6 22. Qg4 Rg8 23. Re3 g6 24. g3 g5 25. Red3 Nb6 26. Rxd8+ Rxd8 27. Rxd8+ Kxd8 28. Ba5 1/2-1/2

[Event "FRA-ch U12 Girls"]
[Site "Troyes"]
[Date "2010.04.13"]
[Round "4"]
[White "Fraval, Julie"]
[Black "Terrazzoni, Claire"]
[Result "0-1"]
[WhiteElo "1640"]
[BlackElo "1530"]
[PlyCount "74"]
[EventDate "2010.04.11"]
[EventType "swiss"]
[EventRounds "9"]
[EventCountry "FRA"]
[SourceTitle "EXT 2012"]
[Source "ChessBase"]
[SourceDate "2011.11.24"]
[SourceVersion "1"]
[SourceVersionDate "2011.11.24"]
[SourceQuality "1"]

1. e4 c5 2. Nf3 d6 3. d4 cxd4 4. Nxd4 Nf6 5. Nc3 g6 6. Be3 Bg7 7. f3 0-0 8. Qd2 Nc6 9. Bc4 Bd7 10. 0-0-0 Qa5 11. Nb3 Qc7 12. Bh6 Ne5 13. Be2 Rfc8 14. Bxg7 Kxg7 15. g4 Nc4 16. Bxc4 Qxc4 17. h4 h5 18. gxh5 Nxh5 19. Qg5 b5 20. Rd4 Qc7 21. Qxe7 Nf4 22. Re1 Rab8 23. Qxd6 Qxd6 24. Rxd6 Be6 25. Kb1 b4 26. Nd5 Nxd5 27. exd5 Bf5 28. Nd4 Bh3 29. Re7 Rc4 30. Nc6 Rb6 31. Re4 Rc5 32. Rd8 Bf5 33. Re2 b3 34. axb3 Rxb3 35. Ka2 Rxf3 36. Nd4 Ra5+ 37. Kb1 Rf1+ 0-1

[Event "FRA-ch U12 Girls"]
[Site "Troyes"]
[Date "2010.04.12"]
[Round "3"]
[White "Terrazzoni, Claire"]
[Black "Sauve, Anne Charlotte"]
[Result "1-0"]
[WhiteElo "1530"]
[BlackElo "1690"]
[PlyCount "59"]
[EventDate "2010.04.11"]
[EventType "swiss"]
[EventRounds "9"]
[EventCountry "FRA"]
[SourceTitle "EXT 2012"]
[Source "ChessBase"]
[SourceDate "2011.11.24"]
[SourceVersion "1"]
[SourceVersionDate "2011.11.24"]
[SourceQuality "1"]

1. e4 e5 2. Nf3 Nf6 3. Nxe5 d6 4. Nf3 Nxe4 5. Nc3 Nxc3 6. bxc3 Be7 7. Be2 d5 8. d4 0-0 9. 0-0 Bg4 10. Be3 Nd7 11. Nd2 Bxe2 12. Qxe2 Re8 13. c4 dxc4 14. Qxc4 Nb6 15. Qd3 Bf6 16. Nb3 Qd6 17. Nc5 Qc6 18. Rad1 Nd5 19. Ne4 Nxe3 20. Nxf6+ Qxf6 21. fxe3 Qg5 22. Rf3 Rad8 23. c3 c5 24. Qc4 Qh5 25. Rdf1 Rf8 26. Rf5 Qg6 27. Rxc5 Qe4 28. Re5 Qc2 29. Re7 Rc8 30. Rexf7 1-0